00430nam a2200133 a 4500008004100000050001800041100002000059245009400079260005100173300001100224350000900235650003100244650002100275120416s1975 ||||||||||||||||| || u aGB 365.Z2 Lan aMansfield, J. E10aLand resources of the Northern and Luapula Provinces, Zambia: a reconnaissance assessment aSurreybMinistry of Overseas Developmentc1975 a3 vol. a0.00 aNATURAL RESOURCES-- ZAMBIA aLAND USE--ZAMBIA